<?xml version="1.0" encoding="UTF-8"?>
<collection xmlns:xsi="http://www.w3.org/2001/XMLSchema-instance" xsi:schemaLocation="http://www.loc.gov/MARC21/slim http://www.loc.gov/standards/marcxml/schema/MARC21slim.xsd" xmlns="http://www.loc.gov/MARC21/slim">
 <record>
  <leader>00000cam a22000004a 4500</leader>
  <controlfield tag="001">UP-8027390931316047209</controlfield>
  <controlfield tag="003">Buklod</controlfield>
  <controlfield tag="005">20071106063606.0</controlfield>
  <controlfield tag="006">a     r    |||| u|</controlfield>
  <controlfield tag="007">ta</controlfield>
  <controlfield tag="008">031229s2000    xx |||| r    |||| u|    d</controlfield>
  <datafield tag="035" ind1=" " ind2=" ">
   <subfield code="a">(iLib)UPMIN-00000007805</subfield>
  </datafield>
  <datafield tag="040" ind1=" " ind2=" ">
   <subfield code="a">DLC</subfield>
   <subfield code="c">UP</subfield>
   <subfield code="d">upmin</subfield>
  </datafield>
  <datafield tag="041" ind1=" " ind2=" ">
   <subfield code="a">eng</subfield>
  </datafield>
  <datafield tag="090" ind1=" " ind2=" ">
   <subfield code="a">HD8689</subfield>
   <subfield code="b">A84 U43</subfield>
  </datafield>
  <datafield tag="111" ind1="2" ind2=" ">
   <subfield code="a">UNI APRO Conference for Telecomunications Sector, Postal and Allied Services Sector, Finance Sector, Commerce Sector $i1st</subfield>
   <subfield code="j">Hiroshima, Japan</subfield>
   <subfield code="k">2000. .</subfield>
  </datafield>
  <datafield tag="245" ind1="0" ind2="0">
   <subfield code="a">People first in the new economy</subfield>
   <subfield code="b">research documentation report for the 1st UNI APRO conference for telecommunications sector, postal and allied services sector, finance sector, commerce sector</subfield>
   <subfield code="c">Christopher Ng, project leader ; Rene E. Ofreneo, chief writer/researcher; Leslie Wright, Hashim Lobe, Mary Jean C. Marasigan, research team.</subfield>
  </datafield>
  <datafield tag="264" ind1=" " ind2="1">
   <subfield code="a">Singapore</subfield>
   <subfield code="b">UNI-APRO</subfield>
   <subfield code="c">c2000.</subfield>
  </datafield>
  <datafield tag="650" ind1=" " ind2="0">
   <subfield code="a">Trade-unions</subfield>
   <subfield code="x">Telecommunication</subfield>
   <subfield code="z">Asia-Pacific.</subfield>
  </datafield>
  <datafield tag="650" ind1=" " ind2="0">
   <subfield code="a">Trade-unions</subfield>
   <subfield code="x">Postal service</subfield>
   <subfield code="z">Asia-Pacific.</subfield>
  </datafield>
  <datafield tag="650" ind1=" " ind2="0">
   <subfield code="a">Trade-unions</subfield>
   <subfield code="x">Finance sector</subfield>
   <subfield code="z">Asia-Pacific.</subfield>
  </datafield>
  <datafield tag="650" ind1=" " ind2="0">
   <subfield code="a">Tade-unions</subfield>
   <subfield code="x">Commerce sector</subfield>
   <subfield code="z">Asia-Pacific.</subfield>
  </datafield>
  <datafield tag="852" ind1="0" ind2=" ">
   <subfield code="a">UPMIN</subfield>
   <subfield code="b">UPMIN-MAIN</subfield>
   <subfield code="h">HD8689 A84 U43 2000</subfield>
  </datafield>
  <datafield tag="942" ind1=" " ind2=" ">
   <subfield code="a">Book</subfield>
  </datafield>
 </record>
</collection>
